A handbook for developing guidance services in secondary schools (Record no. 83809)
[ view plain ]
| 000 -LEADER | |
|---|---|
| fixed length control field | 00892cam a22002531 4500 |
| 001 - CONTROL NUMBER | |
| control field | sa 68011238 |
| 003 - CONTROL NUMBER IDENTIFIER | |
| control field | DLC |
| 005 - DATE AND TIME OF LATEST TRANSACTION | |
| control field | 20260227112559.0 |
| 008 - FIXED-LENGTH DATA ELEMENTS--GENERAL INFORMATION | |
| fixed length control field | 711115s1964 ii b 00010 eng |
| 010 ## - LIBRARY OF CONGRESS CONTROL NUMBER | |
| LC control number | sa 68011238 //r92 |
| 025 ## - OVERSEAS ACQUISITION NUMBER | |
| Overseas acquisition number | PL480:I-E-9571 |
| 040 ## - CATALOGING SOURCE | |
| Original cataloging agency | DLC |
| Transcribing agency | DLC |
| Modifying agency | DLC |
| 043 ## - GEOGRAPHIC AREA CODE | |
| Geographic area code | a-ii--- |
| 050 00 - LIBRARY OF CONGRESS CALL NUMBER | |
| Classification number | HF5381 |
| Item number | .P284 |
| 100 10 - MAIN ENTRY--PERSONAL NAME | |
| Personal name | Pasricha, Prem. |
| 245 12 - TITLE STATEMENT | |
| Title | A handbook for developing guidance services in secondary schools |
| Statement of responsibility, etc. | [by] P. Pasricha [and] T. C. Schreck. |
| 260 0# - PUBLICATION, DISTRIBUTION, ETC. | |
| Place of publication, distribution, etc. | Baroda, |
| Name of publisher, distributor, etc. | Faculty of Education and Psychology, Maharaja Sayajirao University of Baroda, |
| Date of publication, distribution, etc. | 1964. |
| 300 ## - PHYSICAL DESCRIPTION | |
| Extent | iii, 48 p. |
| Dimensions | 19 cm. |
| 440 #0 - SERIES STATEMENT/ADDED ENTRY--TITLE | |
| Title | Guidance and counselling pamphlet, |
| Volume/sequential designation | no. 11 |
| 504 ## - BIBLIOGRAPHY, ETC. NOTE | |
| Bibliography, etc. note | Bibliography: p. [42]-44. |
| 650 #0 - SUBJECT ADDED ENTRY--TOPICAL TERM | |
| Topical term or geographic name entry element | Vocational guidance |
| General subdivision | Handbooks, manuals, etc. |
| 650 #0 - SUBJECT ADDED ENTRY--TOPICAL TERM | |
| Topical term or geographic name entry element | Counseling in secondary education |
| Geographic subdivision | India. |
| 700 10 - ADDED ENTRY--PERSONAL NAME | |
| Personal name | Schreck, T. C., |
| Relator term | joint author. |
No items available.